| 000 | 00426nam a2200169 a 4500 | ||
|---|---|---|---|
| 005 | 20260424145429.0 | ||
| 008 | 260408s2026##################000#0#eng## | ||
| 020 |
_a9788171946822 _qpbk |
||
| 082 | 0 | 4 | _a348.5402 TAX.1 |
| 110 | _aTaxmann | ||
| 245 | 1 | 0 | _aStatutory manual |
| 250 | _a14th ed. | ||
| 260 |
_aNew Delhi: _bTaxmann, _c2010 |
||
| 300 |
_a1311p. _c;24cm. |
||
| 650 | _aLaws, regulations, cases | ||
| 942 | _cENGLISH | ||
| 999 |
_c619106 _d619106 |
||